00658nam a22001932 4500001001100000005001700011008004100028020001700069040001500086100003300101245009700134250001200231260005100243300001600294650006300310650005700373700003100430852000300461000002030620151217152212.0110912s xx 000 0 eng d a1565936310 : aKABUcKABU1 aStein, Franklin.@000018046210aClinical research in allied health and special education /cFranklin Stein, Susan K. Cutler. a3rd ed. aSan Diego :bSingular publishing group,c1996. axxi, 482 p. 0aMedical rehabilitationxResearchxMethodology.@0000180463 0aSpecial educationxResearchxMethodoloy.@00001804641 aCutler, Susan.@00001804651